Statistics for NHL Players Nicknames

Click here to take the quiz!

General Stats

  • This quiz has been taken 138 times
  • The average score is 14 of 21

Answer Stats

HintAnswer% Correct
The Great OneWayne Gretzky
96%
The kidSidney Crosby
95%
The Great 8Alex Ovechkin
93%
T.J. SochiT.J. Oshie
92%
Phil The ThrillPhil Kessel
87%
Mr. HockeyGordie Howe
86%
The RocketMaurice Richard
82%
Johnny HockeyJohnny Gaudreau
76%
Big ZZdeno Chara
74%
Captain Serious/Captain ClutchJonathan Toews
71%
The King/ HankHenrik Lundqvist
66%
LoooooooooooRoberto Luongo
64%
The Russian RocketPavel Bure
63%
Optimus Reim/The Reiminister of defenseJames Reimer
53%
JVRJames van Riemsdyk
52%
AlfieDaniel Alfredsson
50%
BizNastyPaul Bissonnette
49%
The HamburglarAndrew Hammond
46%
The CatFelix Potvin
34%
The EagleEd Belfour
28%
Rolie the goalieDwayne Roloson
24%

Score Distribution

Percentile by Number Answered

Percent of People with Each Score

Your Score History

You have not taken this quiz